Iron blast furnace slag/hydrated lime sorbents for flue gas desulfurization /
Guardado en:
| Autor principal: | |
|---|---|
| Otros Autores: | |
| Formato: | Artículo |
| Lenguaje: | English |
| Materias: | |
| Etiquetas: |
Agregar Etiqueta
Sin Etiquetas, Sea el primero en etiquetar este registro!
|
| Thư viện lưu trữ: | Thư viện Trường Đại học Đà Lạt |
|---|
| LEADER | 00988nam a2200325 4500 | ||
|---|---|---|---|
| 001 | DLU090094894 | ||
| 005 | ##20091201 | ||
| 040 | # | # | |a DLU |b eng |
| 041 | # | # | |a eng |
| 044 | # | # | |a us |
| 100 | # | # | |a Liu, Chiung-Fang. |
| 245 | # | # | |a Iron blast furnace slag/hydrated lime sorbents for flue gas desulfurization / |c Chiung-Fang Liu, Shin-Min Shih. |
| 653 | # | # | |a Chemical reactivity |
| 653 | # | # | |a Desulfurization |
| 653 | # | # | |a Flue gas purification |
| 653 | # | # | |a Hydrated lime |
| 653 | # | # | |a Physicochemical purification |
| 653 | # | # | |a Sulfur dioxide |
| 653 | # | # | |a Waste reuse |
| 700 | # | # | |a Shih, Shin-Min. |
| 773 | # | # | |t Environmental Science & Technology |g Vol. 38, no. 16 (August 2004), p. 4451-4456 |
| 920 | # | # | |a Phòng Tạp chí -- Trung tâm Thông tin - Thư viện Trường Đại học Đà Lạt |
| 994 | # | # | |a DLU |
| 900 | # | # | |a True |
| 911 | # | # | |a Trương Bảo Trâm Anh |
| 925 | # | # | |a G |
| 926 | # | # | |a A |
| 927 | # | # | |a BB |
| 980 | # | # | |a Thư viện Trường Đại học Đà Lạt |